| 000 | 00789nam a22002175i 4500 | ||
|---|---|---|---|
| 001 | 163992 | ||
| 003 | ES-MaACL | ||
| 005 | 20250809034612.0 | ||
| 008 | 020923s1863 fr |||| | fre d | ||
| 040 |
_aCCPB | B _bspa _cCCPB | B |
||
| 100 | 1 |
_aRossi, Pasquale. _999882 |
|
| 245 | 1 | 0 |
_aOeuvres complètes de P. Rossi _b: traité de droit pénal / _cpubliées par ordre du gouvernement italien. |
| 250 | _a3ème éd. rev. et précédé d'une introduction pàr Faustin Hélie. | ||
| 260 |
_aParis : _blibrairie de Guillaumin et C\pie\s, _c1863. |
||
| 300 |
_a2 v. (332 ; 427 p.) ; _c23 cm. |
||
| 650 | 0 | 7 |
_aDerecho penal _2embne _911749 |
| 700 | 1 |
_aHélie, Faustin. _962427 |
|
| 752 |
_aFrancia - _dParís |
||
| 852 |
_aES-MaACL _jG-14819-20 _z- Enc. hol. |
||
| 999 |
_c163992 _d163992 |
||